Microsoft Word 2003 : (Record no. 7008)
[ view plain ]
| 000 -LEADER | |
|---|---|
| fixed length control field | 00622nam a22002172 4500 |
| 001 - CONTROL NUMBER | |
| control field | 0000005332 |
| 005 - DATE AND TIME OF LATEST TRANSACTION | |
| control field | 20151217152002.0 |
| 008 - FIXED-LENGTH DATA ELEMENTS--GENERAL INFORMATION | |
| fixed length control field | 070611s xx 000 0 eng d |
| 020 ## - INTERNATIONAL STANDARD BOOK NUMBER | |
| International Standard Book Number | 0764541315 : |
| Terms of availability | KES 4,100 |
| 040 ## - CATALOGING SOURCE | |
| Original cataloging agency | KABU |
| Transcribing agency | KABU |
| 050 #0 - LIBRARY OF CONGRESS CALL NUMBER | |
| Classification number | Z52.5 |
| Item number | .M52S56 |
| 100 1# - MAIN ENTRY--PERSONAL NAME | |
| Personal name | Simon, Jinjer. |
| -- | 0000156575 |
| 245 10 - TITLE STATEMENT | |
| Title | Microsoft Word 2003 : |
| Remainder of title | top 100 simplified tips and tricks. |
| 260 ## - PUBLICATION, DISTRIBUTION, ETC. (IMPRINT) | |
| Place of publication, distribution, etc. | Hoboken, NJ : |
| Name of publisher, distributor, etc. | Wiley, |
| Date of publication, distribution, etc. | 2003. |
| 300 ## - PHYSICAL DESCRIPTION | |
| Extent | 227 p. |
| 650 #0 - SUBJECT ADDED ENTRY--TOPICAL TERM | |
| Topical term or geographic name as entry element | Microsoft Word. |
| -- | 0000156574 |
| 650 #0 - SUBJECT ADDED ENTRY--TOPICAL TERM | |
| Topical term or geographic name as entry element | Word processing. |
| -- | 0000156570 |
| 908 ## - PUT COMMAND PARAMETER (RLIN) | |
| Put command parameter | 070611 |
| 950 ## - LOCAL HOLDINGS (RLIN) | |
| -- | 1 |
| Withdrawn status | Lost status | Source of classification or shelving scheme | Not for loan | Home library | Current library | Date acquired | Total Checkouts | Full call number | Date last seen | Price effective from | Koha item type |
|---|---|---|---|---|---|---|---|---|---|---|---|
| Library of Congress Classification | Kabarak, Main Campus | Kabarak, Main Campus | 17/12/2015 | Z52.5 .M52S56 c. 1 | 17/12/2015 | 17/12/2015 | General Collection |